Sanat - "Havupuu ja lehtipuu" - Statistics

Yleistilastot
  • Tätä visaa on pelattu 7 kertaa
  • Keskiarvotulos 20 / 39
Vastaustilastot
Vastaus % Oikein
havupuu
100%
havupuu
100%
havupuu
100%
havupuu
100%
lehtipuu
100%
lehtipuu
100%
lehtipuu
100%
lehtipuu
100%
ihan
75%
ihan
75%
ja
75%
ja
75%
ja
75%
ja
75%
huojuvat
50%
kasvavat
50%
Metsässä
50%
seisovat
50%
Tuulessa
50%
vierekkäin
50%
alas
25%
elävät
25%
heiluvat
25%
kaatuvat
25%
kilvan
25%
koettavat
25%
kuihtuvat
25%
maahan
25%
ne
25%
ne
25%
päällekkäin
25%
pilviä
25%
siellä
25%
Suuriksi
25%
tavoittaa
25%
vaan
25%
Vanhoina
25%
ylös
25%
oksatkin
0%
Ehtoja vastaavia visoja ei löytynyt
Tulosjakauma
Jokaisen tuloksen saaneiden osuus
Persentiili vastausten määrän mukaan
Tuloshistoriasi
Et ole pelannut tätä visaa